00689nam a2200193Ia 4500008004100000020001800041082001900059100002500078245017400103250001200277260003500289300001700324650002800341650002300369650004200392700002000434700002100454700002000475220501s2014 xx 000 0 eng d a9789353167103 a658.4032 HIL-I aHillier, Frederick S 0aIntroduction to management science :ba modeling and case studies approach with spreadsheets /cFrederick S. Hillier, Mark S. Hillier, Karl Schmedders and Molly Stephens a5th ed. aChennai :bMcGraw Hill,c2014. axx, 618 p. ; aElectronic spreadsheets aManagement science aOperations research - Data processing aHillier, Mark S aSchmedders, Karl aStephens, Molly